书目信息 |
| 题名: |
管理智道
|
|
| 作者: | 傅缘 编著 | |
| 分册: | ||
| 出版信息: | 杭州 浙江人民出版社 2017 |
|
| 页数: | 124页 | |
| 开本: | 19cm | |
| 丛书名: | ||
| 单 册: | ||
| 中图分类: | C93-49 , K928.3-64 | |
| 科图分类: | ||
| 主题词: | 管理学--通俗读物 | |
| 电子资源: | ||
| ISBN: | 978-7-213-07913-9 | |
| 000 | 00870nam0 2200265 450 | |
| 001 | 012001000825 | |
| 005 | 20140920091302.0 | |
| 010 | @a978-7-213-07913-9@b精装@dCNY37.00 | |
| 100 | @a20170524d2017 em y0chiy50 ea | |
| 101 | 0 | @achi |
| 102 | @aCN@b330000 | |
| 105 | @aa z 000yy | |
| 106 | @ar | |
| 200 | 1 | @a管理智道@9Guan Li Zhi Dao@e走进九华山@f傅缘编著 |
| 210 | @a杭州@c浙江人民出版社@d2017 | |
| 215 | @a124页@c彩照@d19cm | |
| 330 | @a本书在总结了生活中、工作中的实践经验与深刻感悟,从中提炼出成为以语录的形式阐述了管理的智慧。全书共分为五个部分,每个部分都由语录和九华山风光图片构成。 | |
| 517 | 1 | @a走进九华山@9Zou Jin Jiu Hua Shan |
| 606 | 0 | @a管理学@j通俗读物 |
| 607 | @a九华山@j图集 | |
| 690 | @aC93-49@v5 | |
| 690 | @aK928.3-64@v5 | |
| 701 | 0 | @a傅缘@9Fu Yuan@4编著 |
| 801 | 0 | @aCN@b上海新华@c20180901 |
| 905 | @b1042325-29@dC93-49@e757@f5 | |
| 管理智道:走进九华山/傅缘编著.-杭州:浙江人民出版社,2017 |
| 124页:彩照;19cm |
| ISBN 978-7-213-07913-9(精装):CNY37.00 |
| 本书在总结了生活中、工作中的实践经验与深刻感悟,从中提炼出成为以语录的形式阐述了管理的智慧。全书共分为五个部分,每个部分都由语录和九华山风光图片构成。 |
| ● |
| 相关链接 |
|
|
|
|
正题名:管理智道
索取号:C93-49/757
 
预约/预借
| 序号 | 登录号 | 条形码 | 馆藏地/架位号 | 状态 | 备注 |
| 1 | 1042325 | 210423255 | 第一样本阅览室/ [索取号:C93-49/757] | 在馆 | |
| 2 | 1042326 | 210423264 | 第一借阅区/ [索取号:C93-49/757] | 在馆 | |
| 3 | 1042327 | 210423273 | 第一借阅区/ [索取号:C93-49/757] | 在馆 | |
| 4 | 1042328 | 210423282 | 第一借阅区/ [索取号:C93-49/757] | 在馆 | |
| 5 | 1042329 | 210423291 | 第一借阅区/ [索取号:C93-49/757] | 在馆 |